Normal view
MARC view
- المسؤلية القانونية-الالتزمات-التعويض عن الاضرار -القانون المدني
Entry Topical Term
001 - CONTROL NUMBER
- control field: 62790
003 - CONTROL NUMBER IDENTIFIER
- control field: JO-AjAnu
005 - DATE AND TIME OF LATEST TRANSACTION
- control field: 20230606084243.0
008 - FIXED-LENGTH DATA ELEMENTS
- fixed length control field: 230606|| aca||aabn | a|a d
040 ## - CATALOGING SOURCE
- Original cataloging agency: JO-AjAnu
- Transcribing agency: JO-AjAnu
150 ## - HEADING--TOPICAL TERM
- Topical term or geographic name entry element: المسؤلية القانونية-الالتزمات-التعويض عن الاضرار -القانون المدني
670 ## - SOURCE DATA FOUND
- Source citation: Work cat.: (JO-AjAnu)32017: الدعجة، بخيت محمد, author 62789, الخيرة والجمع بين المسؤولية العقدية والمسؤولية التقصيرية: دراسة مقارنة